Arbres d'Europe - Random - Statistiques

Statistiques générales
  • Ce quiz a été pris 13 fois
  • Le résultat moyen est 3 sur 40
Statistiques - réponses
Par images Réponse % Correct
Charme commun
43%
Hêtre commun
42%
Chêne-liège
38%
Chêne pédonculé
36%
Pin maritime
33%
Aulne glutineux
25%
Phoenix (palmier)
22%
Tremble
22%
Merisier
18%
Tilleul à grandes feuilles
17%
Alisier torminal
14%
Noyer commun
11%
Cormier
10%
Néflier
10%
Frêne à fleurs
9%
Mélèze commun
9%
Orme champêtre
9%
Peuplier noir
8%
Saule fragile
8%
Alisier de Bourgogne
0%
Alisier de Scandinavie
0%
Arbre de Judée
0%
Aulne de Corse
0%
Aulne rugueux
0%
Boquettier
0%
Carpinus orientalis
0%
Cèdre de Chypre
0%
Cerisier acide
0%
Chênes gros tronc
0%
Cytise des Alpes
0%
Cytise faux ébénier
0%
Érable champêtre
0%
Frêne à feuilles étroites
0%
Frêne élevé
0%
Genista maderensis
0%
Micocoulier de Provence
0%
Myrobolan
0%
Orme à feuilles de charme
0%
Orme de montagne
0%
Orme lisse
0%
Peuplier de Hollande
0%
Phoenix theophrasti
0%
Picea fennica
0%
Pommier Paradis
0%
Prunier des Alpes
0%
Saule à trois étamines
0%
Saule commun
0%
Saule faux daphné
0%
Saule odorant
0%
Saule roux
0%
Scandosorbus
0%
Scandosorbus intermedia
0%
Sorbier de Madère
0%
Sorbier des oiseaux
0%
Tilleul de Crimée
0%
Aucun quiz correspondant
Distribution des résultats
% des personnes avec chaque résultat
Percentile par nombre de réponses
Votre historique - résultats
Vous n’avez pas pris ce quiz